000 00732nam a22002297a 4500
001 88487
003 UA-OsUOA
005 20231003151537.0
007 ta
008 20121005b un ||||| |||| 00| 0 ukr d
040 _aUA-OsUOA
_bukr
_cUA-OsUOA
_dUA-OsUOA
041 _aukr
080 _a82.09
090 _a82.09
_bН73
100 _aНовиченко Л.
245 _aПоезія і революція. Творчість П. Тичини в перші післяжовтневі роки
_cЛеонід Новиченко
260 _aМ.
_bСоветский писатель
_c1956
300 _a284 с.
650 7 _a82 Література. Літературознавство
_2UDC
942 _cBK
_2udc
955 _a3
999 _c374316
_d374316